01426nam a2200361 a 4500001001200000003000800012006001900020007001500039008004100054010001700095020004300112020002700155040002100182035002100203043001200224050002400236082001900260100003000279245009900309260005200408300001600460490004100476504005100517533015200568650003800720650004100758650003900799655002900838710001700867830003700884856012600921999001701047ebr10734066CaPaEBRm o u cr cn|||||||||130405s2013 txu sb 001 0 eng d z 2013014121 z9781593326289 (hardcover : alk. paper) z9781593327293 (e-book) aCaPaEBRcCaPaEBR a(OCoLC)852899305 an-us---14aKF4930b.F54 2013eb04a342.73/0422231 aField, Matthew O.,d1978-10aCongress, the constitution, and divided governmenth[electronic resource] /cMatthew O. Field. aEl Paso, Tex. :bLFB Scholarly Pub. LLC,c2013. avii, 263 p.1 aLaw and society : recent scholarship aIncludes bibliographical references and index. aElectronic reproduction.bPalo Alto, Calif. :cebrary,d2013.nAvailable via World Wide Web.nAccess may be limited to ebrary affiliated libraries. 0aLegislative powerzUnited States. 0aSeparation of powerszUnited States. 0aConstitutional lawzUnited States. 7aElectronic books.2local2 aebrary, Inc. 0aLaw and society (New York, N.Y.)40uhttp://site.ebrary.com/lib/rucke/Doc?id=10734066zAn electronic book accessible through the World Wide Web; click to view c36828d36828